New headway english course upper - intermediate student's book

Enregistré dans:
Détails bibliographiques
Auteur principal: Soars, Liz
Autres auteurs: Soars, John
Format: Livre
Langue:English
Publié: New York Oxford University Press 1998
Sujets:
Tags: Ajouter un tag
Pas de tags, Soyez le premier à ajouter un tag!
Thư viện lưu trữ: Trung tâm Học liệu Lê Vũ Hùng, Trường Đại học Đồng Tháp
LEADER 00871pam a22002538a 4500
001 00024393
005 20171026081023.0
008 110718s1998 ||||||engsd
020 # # |a 0194358003 
041 0 # |a eng 
082 1 4 |a 428  |b N200W 
100 1 # |a Soars, Liz 
245 1 0 |a New headway english course  |b upper - intermediate student's book  |c Liz & John Soars 
260 # # |a New York  |b Oxford University Press  |c 1998 
300 # # |b ill.  |a 159 p.  |c 28 cm. 
650 # 4 |a Bài tập 
650 # 4 |a Tiếng anh 
700 1 # |a Soars, John 
852 # # |b Kho giáo trình  |j KGT.0027936, KGT.0027937, KGT.0027938 
852 # # |b Kho mượn  |j KGT.0027936 
852 # # |b Kho đọc  |j KD.0008460 
852 # # |j KGT.0027936  |j KGT.0027937  |j KD.0008460  |j KGT.0027938 
910 0 # |a Ntuye  |d 18/07/2011 
980 # # |a Trung tâm Học liệu Lê Vũ Hùng, Trường Đại học Đồng Tháp